| 000 | 00540nam a22001937a 4500 | ||
|---|---|---|---|
| 005 | 20260530160249.0 | ||
| 008 | 260530b |||||||| |||| 00| 0 eng d | ||
| 020 |
_a9783110785227 _c4270.65 |
||
| 040 | _aMAIN | ||
| 041 | _aGerman | ||
| 082 |
_a320.014 _bWAS |
||
| 100 |
_aKlein, Bjorn (ed) _926959 |
||
| 245 |
_aWas Macht Die Digitalisierung mit der Politik _b: Einwürfe Und Provokationen |
||
| 260 |
_aBerlin _bDe Gruyter _c2022 |
||
| 300 | _a167 | ||
| 650 | _aGerman Language | ||
| 700 |
_aSchmidt, Robin (ed) _926960 |
||
| 942 | _cBK | ||
| 999 |
_c60934 _d60934 |
||